La helenina en la profilaxis y tratamiento del cólera epidémico / (Record no. 161047)

MARC details
000 -LEADER
campo de control de longitud fija 00751nam a2200193 i 4500
001 - NÚMERO DE CONTROL
campo de control 161047
003 - IDENTIFICADOR DE NÚMERO DE CONTROL
campo de control ES-MaACL
005 - FECHA Y HORA DE LA ÚLTIMA TRANSACCIÓN
campo de control 20250901032930.0
008 - DATOS DE LONGITUD FIJA--INFORMACIÓN GENERAL
campo de control de longitud fija 021126s1885 sp |||| | spa d
040 ## - FUENTE DE CATALOGACIÓN
Centro catalogador/agencia de origen CCPB | B
Lengua de catalogación spa
Centro/agencia transcriptor CCPB | B
100 1# - ENTRADA PRINCIPAL--NOMBRE DE PERSONA
Nombre de persona Orellano, J. Miguel.
9 (RLIN) 87229
245 13 - MENCIÓN DEL TÍTULO
Título La helenina en la profilaxis y tratamiento del cólera epidémico /
Mención de responsabilidad, etc. por J. Miguel Orellano y Buenaventura Baeza y Gozalbes.
260 ## - PUBLICACIÓN, DISTRIBUCIÓN, ETC.
Lugar de publicación, distribución, etc. Valencia :
Nombre del editor, distribuidor, etc. imprenta y librería de Ramón Ortega,
Fecha de publicación, distribución, etc. 1885.
300 ## - DESCRIPCIÓN FÍSICA
Extensión 67 p. ;
Dimensiones 19 cm.
650 #7 - PUNTO DE ACCESO ADICIONAL DE MATERIA--TÉRMINO DE MATERIA
Término de materia o nombre geográfico como elemento de entrada Cólera
Fuente del encabezamiento o término embne
9 (RLIN) 11143
700 0# - ENTRADA AGREGADA--NOMBRE PERSONAL
Nombre de persona Baeza y Gozalbes, Buenaventura.
9 (RLIN) 24625
852 ## - LOCALIZACIÓN
Ubicación ES-MaACL
Número de control de estantería T-371-F-6
Nota libre -- Enc. hol.
condición física -- Falto de la cub. original
Nota libre -- Enc. en un vol. facticio
Holdings
Estatus retirado Estado de pérdida Estado de daño No para préstamo Colección Biblioteca de origen Biblioteca actual Ubicación en estantería Fecha de adquisición Total de préstamos Signatura topográfica completa Código de barras Visto por última vez Precio de reemplazo Tipo de ítem Koha
        Colección de folletos Biblioteca del Ateneo de Madrid Biblioteca del Ateneo de Madrid Depósito folletos 17/01/2008   T-371-F-6 1168682 23/02/2023 23/02/2023 Folleto